[Event "Petah Tikva Winter IM-B"]
[Site "Petah Tikva"]
[Date "2020.02.04"]
[Round "3"]
[White "Kudischewitsch, David"]
[Black "Libman, Guy"]
[Result "1/2-1/2"]
[WhiteElo "2327"]
[BlackElo "2266"]
[PlyCount "54"]
[EventDate "2020.01.26"]
[EventType "tourn"]
[EventRounds "9"]
[EventCountry "ISR"]
[EventCategory "3"]
[SourceTitle "CBM 195 Extra"]
[Source "ChessBase"]
[SourceDate "2020.05.31"]
[SourceVersion "1"]
[SourceVersionDate "2020.05.31"]
[SourceQuality "1"]

1. d4 d5 2. Bg5 h6 3. Bh4 c6 4. c3 Bf5 5. Qb3 Qb6 6. Nd2 Nd7 7. f3 Ngf6 8. g4 Bh7 9. Bf2 e6 10. h4 h5 11. g5 Ng8 12. e4 Bd6 13. 0-0-0 Qxb3 14. axb3 Ne7 15. Bd3 Bc7 16. Ne2 0-0-0 17. Bc2 Bg6 18. Rhe1 Kb8 19. Bg3 Bxg3 20. Nxg3 c5 21. dxc5 Nxc5 22. b4 Nd7 23. exd5 Bxc2 24. Kxc2 Nxd5 25. Nc4 g6 26. Kb3 Rhf8 27. Rd4 Kc7 1/2-1/2

[Event "Petah Tikva Autumn 1"]
[Site "Petah Tikva"]
[Date "2019.11.17"]
[Round "8"]
[White "Libman, Guy"]
[Black "Kraus, Ohad"]
[Result "1/2-1/2"]
[WhiteElo "2242"]
[BlackElo "2310"]
[PlyCount "104"]
[EventDate "2019.10.23"]
[EventType "tourn"]
[EventRounds "9"]
[EventCountry "ISR"]
[EventCategory "2"]
[SourceTitle "CBM 193 Extra"]
[Source "ChessBase"]
[SourceDate "2020.01.31"]
[SourceVersion "1"]
[SourceVersionDate "2020.01.31"]
[SourceQuality "1"]

1. c4 Nf6 2. Nc3 c5 3. Nf3 d6 4. e3 g6 5. d4 Nbd7 6. d5 Bg7 7. Bd3 0-0 8. 0-0 a6 9. a4 e5 10. Qc2 Kh8 11. h3 Ng8 12. e4 Ne7 13. g4 Nf6 14. Nh2 h5 15. f3 Nh7 16. Be3 Ng8 17. Kg2 Bh6 18. Qd2 Bxe3 19. Qxe3 f5 20. gxf5 gxf5 21. exf5 Ne7 22. Kh1 Nxf5 23. Bxf5 Bxf5 24. Ne4 Bxh3 25. Rg1 Bf5 26. Qh6 Qe7 27. Qxd6 Qxd6 28. Nxd6 Bd3 29. Ra3 Rf6 30. Rxd3 Rxd6 31. Rb3 Rd7 32. Rb6 Re8 33. Re1 Rf7 34. Re6 Rxe6 35. dxe6 Rf4 36. Rd1 Nf6 37. Rd8+ Kg7 38. Rb8 e4 39. Rxb7+ Kg6 40. fxe4 Nxe4 41. Rb3 Kf6 42. Kg2 Rf2+ 43. Kg1 Rc2 44. Rb6 h4 45. Ng4+ Ke7 46. Ne3 Rc1+ 47. Kg2 Nd6 48. Rxa6 Kxe6 49. Rc6 Rb1 50. Rxc5 Rxb2+ 51. Kf3 Ra2 52. Rh5 Rxa4 1/2-1/2

[Event "Petah Tikva Autumn 1"]
[Site "Petah Tikva"]
[Date "2019.11.10"]
[Round "6"]
[White "Libman, Guy"]
[Black "Musyuk, Lior"]
[Result "0-1"]
[WhiteElo "2242"]
[BlackElo "2278"]
[PlyCount "88"]
[EventDate "2019.10.23"]
[EventType "tourn"]
[EventRounds "9"]
[EventCountry "ISR"]
[EventCategory "2"]
[SourceTitle "CBM 193 Extra"]
[Source "ChessBase"]
[SourceDate "2020.01.31"]
[SourceVersion "1"]
[SourceVersionDate "2020.01.31"]
[SourceQuality "1"]

1. c4 c5 2. Nc3 Nc6 3. Nf3 Nf6 4. g3 d5 5. cxd5 Nxd5 6. Bg2 g6 7. 0-0 Bg7 8. Nxd5 Qxd5 9. d3 0-0 10. Be3 Qd6 11. Nd2 Nd4 12. Rc1 Qb6 13. Nc4 Qa6 14. a4 Bd7 15. Ra1 Rac8 16. Re1 h5 17. Ra3 Bc6 18. Bh3 Rcd8 19. Bf4 e6 20. Bd6 Rfe8 21. Bxc5 b6 22. Bb4 f5 23. Bc3 h4 24. b4 Ba8 25. Bxd4 Qb7 26. f3 Bxd4+ 27. e3 Bg7 28. Bg2 g5 29. Qe2 h3 30. Bxh3 g4 31. Bf1 gxf3 32. Qf2 Qe7 33. Rb3 Qg5 34. h3 Kf7 35. Rbb1 Rh8 36. Rbc1 Rh6 37. d4 Rdh8 38. Qh2 Qg4 39. Kf2 Rxh3 40. Bxh3 Rxh3 41. Qg1 Qh5 42. Rf1 Rh2+ 43. Ke1 Re2+ 44. Kd1 f2 0-1

[Event "Petah Tikva Autumn 1"]
[Site "Petah Tikva"]
[Date "2019.11.03"]
[Round "4"]
[White "Libman, Guy"]
[Black "Kudischewitsch, David"]
[Result "1/2-1/2"]
[WhiteElo "2242"]
[BlackElo "2349"]
[PlyCount "28"]
[EventDate "2019.10.23"]
[EventType "tourn"]
[EventRounds "9"]
[EventCountry "ISR"]
[EventCategory "2"]
[SourceTitle "CBM 193 Extra"]
[Source "ChessBase"]
[SourceDate "2020.01.31"]
[SourceVersion "1"]
[SourceVersionDate "2020.01.31"]
[SourceQuality "1"]

1. c4 c6 2. Nf3 Nf6 3. d4 b5 4. cxb5 Qa5+ 5. Qd2 Qxb5 6. Nc3 Qa5 7. Qc2 e6 8. Bd2 Qd8 9. e3 Be7 10. Bd3 Ba6 11. 0-0 0-0 12. Rac1 Bxd3 13. Qxd3 Qb6 14. Na4 Qa6 1/2-1/2

[Event "Petah Tikva Autumn 1"]
[Site "Petah Tikva"]
[Date "2019.10.27"]
[Round "2"]
[White "Libman, Guy"]
[Black "Nedobora, Mikhail"]
[Result "1/2-1/2"]
[WhiteElo "2242"]
[BlackElo "2362"]
[PlyCount "43"]
[EventDate "2019.10.23"]
[EventType "tourn"]
[EventRounds "9"]
[EventCountry "ISR"]
[EventCategory "2"]
[SourceTitle "CBM 193 Extra"]
[Source "ChessBase"]
[SourceDate "2020.01.31"]
[SourceVersion "1"]
[SourceVersionDate "2020.01.31"]
[SourceQuality "1"]

1. e4 c5 2. Nf3 d6 3. d4 cxd4 4. Nxd4 Nf6 5. Nc3 a6 6. Be2 e6 7. 0-0 Be7 8. f4 Qc7 9. a4 Nc6 10. Be3 0-0 11. Qe1 Nxd4 12. Bxd4 e5 13. fxe5 dxe5 14. Qg3 Bc5 15. Bxc5 Qxc5+ 16. Kh1 Qe7 17. Rad1 b6 18. Bc4 Bb7 19. Nd5 Bxd5 20. Bxd5 Rad8 21. c3 Nxd5 22. Rxd5 1/2-1/2

[Event "Petah Tikva Autumn 1"]
[Site "Petah Tikva"]
[Date "2019.10.23"]
[Round "1"]
[White "Chernomordik, Pavel"]
[Black "Libman, Guy"]
[Result "1/2-1/2"]
[WhiteElo "2203"]
[BlackElo "2242"]
[PlyCount "86"]
[EventDate "2019.10.23"]
[EventType "tourn"]
[EventRounds "9"]
[EventCountry "ISR"]
[EventCategory "2"]
[SourceTitle "CBM 193 Extra"]
[Source "ChessBase"]
[SourceDate "2020.01.31"]
[SourceVersion "1"]
[SourceVersionDate "2020.01.31"]
[SourceQuality "1"]

1. e4 e5 2. Nf3 Nc6 3. Bb5 a6 4. Ba4 Nf6 5. Qe2 b5 6. Bb3 Be7 7. a3 0-0 8. 0-0 d6 9. h3 Re8 10. d3 h6 11. c3 Bf8 12. Rd1 Na5 13. Ba2 c5 14. b4 Nc6 15. Be3 Qc7 16. Nbd2 Be6 17. Bxe6 Rxe6 18. Nb3 Nd7 19. Qb2 Ree8 20. Nbd2 Nb6 21. Rac1 Rab8 22. Qc2 Rec8 23. d4 c4 24. dxe5 dxe5 25. Bxb6 Qxb6 26. Nf1 Rd8 27. Ne3 Qb7 28. Rd5 Rxd5 29. Nxd5 Rd8 30. Rd1 Qb8 31. Nh2 Ne7 32. Ne3 Rd6 33. Nhf1 Qd8 34. Rxd6 Qxd6 35. f3 g6 36. Kf2 h5 37. Qd1 Qxd1 38. Nxd1 Bh6 39. Nfe3 Kf8 40. Nb2 Ke8 41. a4 Kd7 42. axb5 axb5 43. Nbd1 Ke6 1/2-1/2

[Event "ISR-ch"]
[Site "Maalot Tarshiha"]
[Date "2018.12.20"]
[Round "9"]
[White "Taichman, Ori"]
[Black "Libman, Guy"]
[Result "1-0"]
[WhiteElo "2303"]
[BlackElo "2299"]
[PlyCount "83"]
[EventDate "2018.12.12"]
[EventType "swiss"]
[EventRounds "9"]
[EventCountry "ISR"]
[SourceTitle "CBM 187 Extra"]
[Source "ChessBase"]
[SourceDate "2018.11.04"]
[SourceVersion "1"]
[SourceVersionDate "2018.11.04"]
[SourceQuality "1"]

1. e4 e5 2. Nf3 Nc6 3. Bb5 a6 4. Bxc6 dxc6 5. 0-0 Qf6 6. d4 exd4 7. Bg5 Qd6 8. Nxd4 Bd7 9. Nc3 Be7 10. Bxe7 Nxe7 11. f4 0-0-0 12. Nb3 Qxd1 13. Raxd1 b6 14. Rd2 Ng6 15. g3 f6 16. Rfd1 h5 17. Kg2 Rhe8 18. Nd4 c5 19. Nf3 Re7 20. f5 Nh8 21. e5 fxe5 22. Nd5 Ree8 23. f6 gxf6 24. Nxf6 Re7 25. Nxe5 Bh3+ 26. Kxh3 Rxd2 27. Rxd2 Rxe5 28. Rd5 Re2 29. Rxh5 Nf7 30. g4 Rxc2 31. g5 Ne5 32. Ng4 Ng6 33. Rh6 Nf4+ 34. Kg3 Ne2+ 35. Kh4 Nd4 36. Rf6 Kd7 37. g6 Ne6 38. Kg3 Rxb2 39. Ne5+ Ke7 40. Rxe6+ Kxe6 41. g7 Kxe5 42. g8Q 1-0

[Event "ISR-ch"]
[Site "Maalot Tarshiha"]
[Date "2018.12.15"]
[Round "4"]
[White "Libman, Guy"]
[Black "Gleizer, Mark"]
[Result "1/2-1/2"]
[WhiteElo "2299"]
[BlackElo "2186"]
[PlyCount "124"]
[EventDate "2018.12.12"]
[EventType "swiss"]
[EventRounds "9"]
[EventCountry "ISR"]
[SourceTitle "CBM 187 Extra"]
[Source "ChessBase"]
[SourceDate "2018.11.04"]
[SourceVersion "1"]
[SourceVersionDate "2018.11.04"]
[SourceQuality "1"]

1. c4 c5 2. Nc3 g6 3. g3 Bg7 4. Bg2 Nc6 5. a3 a6 6. Rb1 Rb8 7. b4 cxb4 8. axb4 b5 9. cxb5 axb5 10. Nf3 e6 11. 0-0 d5 12. d4 Nge7 13. Bf4 Rb6 14. Qd3 0-0 15. Rfc1 Nf5 16. e3 Nd6 17. Bxd6 Qxd6 18. Na2 Bd7 19. Qb3 Ra8 20. Ne1 Rba6 21. Nc3 Na7 22. Bf1 Be8 23. Qb2 Qb6 24. Nd3 Nc8 25. Nc5 R6a7 26. Nb3 Nd6 27. Na5 Nc4 28. Nxc4 dxc4 29. Bg2 Bc6 30. Bxc6 Qxc6 31. Ra1 Bf8 32. Rxa7 Rxa7 33. Rb1 f5 34. Rd1 Qd7 35. Rb1 h6 36. Qc1 Kh7 37. Qb2 Bd6 38. Rd1 Bf8 39. Rb1 Ra6 40. Qc1 Qb7 41. Qb2 Bd6 42. Qc1 Ra8 43. Qb2 h5 44. h4 e5 45. Qd2 Ra7 46. Qc1 exd4 47. exd4 f4 48. Qe1 fxg3 49. fxg3 Qf3 50. Ne4 Be7 51. Rb2 Ra3 52. Re2 Kg8 53. d5 Bxb4 54. Qxb4 Qxe2 55. Nf6+ Kf7 56. Qxa3 Qd1+ 57. Kg2 Qc2+ 58. Kg1 Qb1+ 59. Kg2 Qc2+ 60. Kg1 Qb1+ 61. Kg2 Qc2+ 62. Kg1 Qb1+ 1/2-1/2

[Event "ISR-ch"]
[Site "Maalot Tarshiha"]
[Date "2018.12.13"]
[Round "2"]
[White "Frenkel, Ran"]
[Black "Libman, Guy"]
[Result "1-0"]
[WhiteElo "2252"]
[BlackElo "2299"]
[PlyCount "81"]
[EventDate "2018.12.12"]
[EventType "swiss"]
[EventRounds "9"]
[EventCountry "ISR"]
[SourceTitle "CBM 187 Extra"]
[Source "ChessBase"]
[SourceDate "2018.11.04"]
[SourceVersion "1"]
[SourceVersionDate "2018.11.04"]
[SourceQuality "1"]

1. d4 d5 2. c4 c6 3. Nf3 Nf6 4. Nc3 dxc4 5. a4 Bf5 6. e3 e6 7. Bxc4 Bb4 8. 0-0 0-0 9. Nh4 Nbd7 10. f3 Bg6 11. Nxg6 hxg6 12. Qb3 Qb6 13. Na2 Be7 14. Qxb6 axb6 15. Bb3 Rfd8 16. f4 Nb8 17. Bd2 c5 18. Bc3 Nc6 19. Rad1 Ng4 20. Rfe1 cxd4 21. exd4 Bh4 22. g3 Bf6 23. h3 Nxd4 24. Bxd4 Bxd4+ 25. Rxd4 Rxd4 26. hxg4 Rd3 27. Nc3 Rxg3+ 28. Kf2 Rxg4 29. Kf3 Rh4 30. Rd1 Kf8 31. Kg3 Rh5 32. Rd7 Raa5 33. Ne4 b5 34. Nd6 bxa4 35. Rxf7+ Kg8 36. Bxe6 Ra6 37. Re7+ Kh7 38. Nf7 Rxe6 39. Rxe6 Rb5 40. Ng5+ Kh6 41. Re8 1-0

[Event "ISR-chT 13"]
[Site "Israel"]
[Date "2013.02.08"]
[Round "11.6"]
[White "Libman, Guy"]
[Black "Caspi, Israel"]
[Result "1/2-1/2"]
[WhiteElo "2261"]
[BlackElo "2449"]
[PlyCount "178"]
[EventDate "2012.12.21"]
[EventType "team"]
[EventRounds "11"]
[EventCountry "ISR"]
[SourceTitle "EXT 2014"]
[Source "ChessBase"]
[SourceDate "2013.11.20"]
[SourceVersion "1"]
[SourceVersionDate "2013.11.20"]
[SourceQuality "1"]

1. d4 f5 2. g3 Nf6 3. Bg2 g6 4. Nf3 Bg7 5. 0-0 0-0 6. c4 d6 7. Nc3 Nc6 8. d5 Na5 9. Nd2 c5 10. dxc6 Nxc6 11. Rb1 Be6 12. b3 Rc8 13. Nf3 Kh8 14. Bb2 a6 15. Qd2 Bg8 16. Nd5 b5 17. Nxf6 Bxf6 18. Bxf6+ Rxf6 19. cxb5 axb5 20. Rbc1 e5 21. Qb2 Kg7 22. Rfd1 Qe8 23. Rc2 Ne7 24. Rdc1 Rxc2 25. Qxc2 Nd5 26. a3 Rf8 27. h4 h6 28. e4 fxe4 29. Qxe4 Be6 30. Nd2 Qa8 31. h5 gxh5 32. a4 Qa7 33. Qe2 bxa4 34. bxa4 Qxa4 35. Ne4 Qd7 36. Qxh5 Nf6 37. Qe2 Nxe4 38. Qxe4 Qf7 39. Qe3 Rc8 40. Rd1 Qe7 41. Bf3 Rd8 42. Kg2 Qf7 43. Kg1 Qf6 44. Bd5 Rd7 45. Bc6 Rd8 46. Bd5 Qf7 47. Qb3 Bxd5 48. Rxd5 Ra8 49. Qd1 Ra1 50. Qxa1 Qxd5 51. Qa7+ Qf7 52. Qb8 Qe6 53. Qb7+ Qf7 54. Qb8 Qe7 55. Qb3 e4 56. Qd5 Qe5 57. Qb7+ Kg6 58. Qc8 h5 59. Qg8+ Kh6 60. Qf8+ Kg5 61. Qg8+ Kf6 62. Qf8+ Ke6 63. Qe8+ Kd5 64. Qb5+ Kd4 65. Qb4+ Kd3 66. Qb1+ Kc4 67. Qc2+ Kb4 68. Qb1+ Ka3 69. Qc1+ Kb3 70. Qd1+ Kc3 71. Qc1+ Kb4 72. Qb1+ Kc5 73. Qc2+ Kb6 74. Qb3+ Ka5 75. Qa3+ Kb6 76. Qb4+ Ka7 77. Qa4+ Kb8 78. Qb3+ Kc7 79. Qf7+ Kd8 80. Qf8+ Kd7 81. Qf7+ Kc6 82. Qc4+ Kb6 83. Qb4+ Kc7 84. Qc4+ Kd8 85. Qg8+ Qe8 86. Qd5 Kc7 87. Qa5+ Kd7 88. Qa4+ Kd8 89. Qa8+ Kd7 1/2-1/2

[Event "ISR-chT 13"]
[Site "Israel"]
[Date "2013.02.01"]
[Round "9.5"]
[White "Lederer, Yoav"]
[Black "Libman, Guy"]
[Result "1/2-1/2"]
[WhiteElo "2326"]
[BlackElo "2261"]
[PlyCount "158"]
[EventDate "2012.12.21"]
[EventType "team"]
[EventRounds "11"]
[EventCountry "ISR"]
[SourceTitle "EXT 2014"]
[Source "ChessBase"]
[SourceDate "2013.11.20"]
[SourceVersion "1"]
[SourceVersionDate "2013.11.20"]
[SourceQuality "1"]

1. c4 Nf6 2. g3 c6 3. Bg2 d5 4. Nf3 Bf5 5. cxd5 cxd5 6. Qb3 Nc6 7. 0-0 Qd7 8. d4 e6 9. Nc3 Bd6 10. Bf4 Ne4 11. Bxd6 Qxd6 12. Nh4 0-0 13. Nxf5 exf5 14. Rfd1 Rfd8 15. Rac1 Qb4 16. Qxb4 Nxb4 17. a3 Nc6 18. e3 g6 19. Rc2 Kf8 20. Rdc1 Nxc3 21. Rxc3 Ke7 22. Rc5 Ke6 23. Bf3 Ne7 24. Kf1 Kd6 25. Ke2 b6 26. R5c3 Rac8 27. Kd2 Rc6 28. Be2 Rdc8 29. Bb5 Rxc3 30. Rxc3 Rxc3 31. bxc3 Nc6 32. c4 Na5 33. cxd5 Kxd5 34. Kd3 Ke6 35. Ba4 a6 36. Bc2 f6 37. Bb1 Kd6 38. Kc3 Nc6 39. Bd3 b5 40. h4 Ne7 41. Kb4 Nc6+ 42. Kb3 Kc7 43. Kc3 Kb6 44. Bb1 a5 45. Ba2 Ne7 46. Bf7 h6 47. Kd3 g5 48. h5 Nc8 49. f3 Nd6 50. Be6 Kc6 51. e4 fxe4+ 52. fxe4 Ne8 53. Bf7 Nd6 54. Bd5+ Kd7 55. e5 fxe5 56. dxe5 Nf5 57. g4 Ne7 58. Ba2 b4 59. a4 Nc6 60. Ke4 Ke7 61. Kd5 Nd8 62. Kc5 Nf7 63. e6 Ne5 64. Kb6 Nxg4 65. Kxa5 Ne3 66. Kxb4 g4 67. a5 g3 68. a6 g2 69. a7 g1Q 70. a8Q Qe1+ 71. Kb5 Qe2+ 72. Kb6 Qb2+ 73. Kc7 Qe5+ 74. Kb6 Qd4+ 75. Kb5 Qb2+ 76. Kc5 Qc3+ 77. Kb5 Qd3+ 78. Kb6 Qd4+ 79. Kb5 Qe5+ 1/2-1/2

[Event "ISR-chT 13"]
[Site "Israel"]
[Date "2013.01.11"]
[Round "5.6"]
[White "Grinshpun, Eduard"]
[Black "Libman, Guy"]
[Result "0-1"]
[WhiteElo "2399"]
[BlackElo "2261"]
[PlyCount "96"]
[EventDate "2012.12.21"]
[EventType "team"]
[EventRounds "11"]
[EventCountry "ISR"]
[SourceTitle "EXT 2014"]
[Source "ChessBase"]
[SourceDate "2013.11.20"]
[SourceVersion "1"]
[SourceVersionDate "2013.11.20"]
[SourceQuality "1"]

1. Nf3 d5 2. g3 Nf6 3. Bg2 Bf5 4. b3 e6 5. Bb2 Be7 6. c4 c6 7. 0-0 Nbd7 8. d3 h6 9. Nbd2 0-0 10. Re1 Bh7 11. a3 a5 12. Qc2 Qb6 13. Rac1 Rfd8 14. Qc3 Ne8 15. d4 Nef6 16. c5 Qc7 17. b4 Ne4 18. Nxe4 Bxe4 19. Bf1 Bf6 20. Nd2 Bg6 21. f4 b6 22. e3 bxc5 23. bxc5 Rdb8 24. Ba1 Qa7 25. Bd3 Bxd3 26. Qxd3 Rb5 27. a4 Rb7 28. Rb1 Rab8 29. Rxb7 Rxb7 30. Rb1 Rxb1+ 31. Qxb1 Qa6 32. Kf2 g5 33. Qc2 gxf4 34. exf4 Nf8 35. Bc3 Ng6 36. Ke3 h5 37. h3 h4 38. g4 Nxf4 39. Kxf4 Qe2 40. Qb1 Qf2+ 41. Nf3 Qg3+ 42. Ke3 Bg5+ 43. Kd3 Qxf3+ 44. Kc2 Qxh3 45. Qb8+ Kg7 46. Bxa5 Qg2+ 47. Kb3 Qf3+ 48. Ka2 Bf4 0-1

[Event "ISR-chT 13"]
[Site "Israel"]
[Date "2012.12.21"]
[Round "1.5"]
[White "Postny, Evgeny"]
[Black "Libman, Guy"]
[Result "1-0"]
[WhiteElo "2622"]
[BlackElo "2261"]
[PlyCount "99"]
[EventDate "2012.12.21"]
[EventType "team"]
[EventRounds "11"]
[EventCountry "ISR"]
[SourceTitle "EXT 2014"]
[Source "ChessBase"]
[SourceDate "2013.11.20"]
[SourceVersion "1"]
[SourceVersionDate "2013.11.20"]
[SourceQuality "1"]

1. d4 d5 2. c4 c6 3. Nf3 Nf6 4. Nc3 e6 5. e3 Nbd7 6. Bd3 dxc4 7. Bxc4 b5 8. Bd3 Bb7 9. a3 a6 10. b4 a5 11. Rb1 axb4 12. axb4 Nd5 13. Nxd5 exd5 14. Qc2 Nf6 15. Ne5 Qb6 16. 0-0 Bd6 17. f3 Ra4 18. Bd2 0-0 19. Ng4 Qd8 20. Nxf6+ Qxf6 21. Bxh7+ Kh8 22. Bd3 Rfa8 23. f4 Kg8 24. Rf3 Ra2 25. Qd1 Bc8 26. f5 Bd7 27. Bc2 R2a3 28. Kh1 Bc7 29. Rc1 Ra2 30. Bc3 Bd6 31. Bb1 R2a3 32. Qd2 Re8 33. Rcf1 Qg5 34. Qb2 Raa8 35. Bd2 Qf6 36. Be1 Qg5 37. Bg3 Bxg3 38. Rxg3 Qf6 39. Qc3 Ra4 40. Bc2 Ra2 41. h3 Qh4 42. Kh2 f6 43. Rf4 Qh5 44. Bb3 Raa8 45. e4 Kh8 46. Rgg4 g5 47. fxg6 Bxg4 48. Rxg4 Ra7 49. Qxc6 Rg8 50. Qxf6+ 1-0

[Event "ISR-chT 1112"]
[Site "Israel"]
[Date "2012.01.06"]
[Round "5.5"]
[White "Libman, Guy"]
[Black "Zanan, Evgeny"]
[Result "1-0"]
[WhiteElo "2259"]
[BlackElo "2247"]
[PlyCount "103"]
[EventDate "2011.12.16"]
[EventType "team-tourn"]
[EventRounds "11"]
[EventCountry "ISR"]
[SourceTitle "EXT 2013"]
[Source "ChessBase"]
[SourceDate "2012.11.22"]
[SourceVersion "1"]
[SourceVersionDate "2012.11.22"]
[SourceQuality "1"]

1. Nf3 c5 2. g3 Nc6 3. Bg2 g6 4. 0-0 Bg7 5. c4 e5 6. Nc3 Nge7 7. a3 d6 8. Rb1 a5 9. d3 0-0 10. Ne1 Be6 11. Nd5 Rb8 12. Bd2 Kh8 13. b4 axb4 14. axb4 cxb4 15. Nxb4 d5 16. cxd5 Nxd5 17. Nxc6 bxc6 18. Nc2 Qd7 19. Na3 f5 20. Qc2 f4 21. Nc4 Bh3 22. Rxb8 Rxb8 23. Na5 Rc8 24. Qc4 Be6 25. Qc5 Bf8 26. Qc2 c5 27. Nc4 Bg7 28. Rb1 Bh3 29. Be4 Rf8 30. Nb6 Nxb6 31. Rxb6 Qa7 32. Rb7 Qa1+ 33. Qb1 Qd4 34. Rb8 Bf5 35. Rxf8+ Bxf8 36. Bxf5 gxf5 37. gxf4 exf4 38. Qc1 Qg7+ 39. Kf1 Qb7 40. f3 Qd5 41. Bc3+ Bg7 42. Bxg7+ Kxg7 43. Qxf4 h6 44. h4 Kg6 45. Kg2 Qe6 46. e4 Qa2+ 47. Kg3 fxe4 48. h5+ Kg7 49. Qe5+ Kf7 50. Qf5+ Ke8 51. Qxe4+ Kd7 52. Qh7+ 1-0